000 00643nmm a2200229Ia 4500
008 251105s9999||||xx |||||||||||||||||und||
020 _a9788475228303
041 _aspa
100 _aNegrón, Joaquín
245 0 _aCenizas y polvo :
_b Antología poética
264 _a[Madrid, España] :
_bVisor Libros,
_c2006
300 _a130 páginas
490 _aAmaranta
650 _aFrench poetry
700 _aNegrón, Joaquín
700 1 _a Negrón, Joaquín
700 1 _a Negrón, Joaquín
700 1 _a Negrón, Joaquín
700 1 _a Vivien, Renée
856 _uhttps://public.digitaliapublishing.com/a/37129
942 _cCF
999 _c69310
_d69310